1080 1525 1583 1535 1561 1579 1686 1099 1904 1533 1575 1835 1045 1360 1299 1162 1609 1987 1448 1993 1897 1595 1385 1408 1346 1168 1604 1463 1744 1043 1981 1423 1894 1781 1932 1351 1346 1411 1640 1019 1759 1908 1191 1011 1193 1978 1261 1763 1811 1497 1318 1570 1794 1394 1799 1420 1602 1921 1698 1728 1988 1065 1105 1403 1372 1658 1748 1353 1207 1975 1162 1564 1722 1557 1416 1311 1990 1652 1204 1011 1955 1266 1897 1243 1368 1110 1611 1295 1158 1753 1136 1978 1440 1221 1684 1222 1902 1340 1108 BCNSPRNW ULIB Ver.6.0+V

เปลี่ยนเป็นภาษาไทย

Change to English
 แสดงรายละเอียดบรรณานุกรม
  กลับหน้าหลัก

Brief Record : Get Marc (ISO 2709) : E-mail record : QR code < ปิดหน้าต่าง
LEADER : 00000nam 2200000uu 4500
001    13399110450
003     ULIB
008    110531s2550||||th 000 0 tha d
020    9789742965259
060  4 WM55^bส945ค 2550
110 1  กระทรวงสาธารณสุข,^bกรมสุขภาพจิต
245 00 คู่มือสำหรับวิทยากรหลักสูตรบูรณาการ การดูแลจิตใจในภาวะวิกฤต(พื้นฐาน)^cเสาวลักษณ์ สุวรรณไมตรี, อุษา ลิ่มซิ้ว และชาดา ประจง,บรรณาธิการ
260    กรุงเทพฯ:^bโรงพิมพ์ชุมนุมสหกรณ์การเกษตรแห่งประเทศไทย,2550
300    180 หน้า
650  7 การดูแลจิตใจ
650  7 ภาวะวิกฤต
650  7 การให้คำปรึกษา
945    ^p0^l0^i18198
945    ^p0^l0^i18199
995    เกษร
999     ^aใช้งานได้ทุกระบบ
รายการนี้ยังไม่มีแท็ก
คุณยังไม่ได้ล็อกอิน คุณสามารถมีกิจกรรมร่วมกับเว็บไซต์ได้ แต่ต้องล็อกอินก่อน ::
  ล็อกอิน

รายการสื่อสารสนเทศ

ลำดับที่ ประเภท เลขเรียก/บาร์โค้ด สถานที่ สถานะ
1. วิทยาศาสตร์การแพทย์ และสุขภาพ
วิทยาศาสตร์การแพทย์ และสุขภาพ
WM55 ส945ค 2550  
  Barcode: 18198
ห้องสมุดวิทยาเขตนครสวรรค์
►ส่วนจัดเก็บหนังสือเก่า นว.
บนชั้น
  ขอยืม
2. วิทยาศาสตร์การแพทย์ และสุขภาพ
วิทยาศาสตร์การแพทย์ และสุขภาพ
WM55 ส945ค 2550 ฉ.2 
  Barcode: 18199
ห้องสมุดวิทยาเขตนครสวรรค์
►ส่วนจัดเก็บหนังสือเก่า นว.
บนชั้น
  ขอยืม

รายการใกล้เคียง
    หัวเรื่อง [การดูแลจิตใจ]
    หัวเรื่อง [ภาวะวิกฤต]
    หัวเรื่อง [การให้คำปรึกษา]

BibComment


ยังไม่เคยถูกคอมเมนท์

คอมเมนท์ทรัพยากรรายการนี้
  คอมเมนท์: คู่มือสำหรับวิทยา..


 Copyright 2026. Bcnsprnw @Library